Central Library OPAC University of Rajshahi

The spirit of the age : (Record no. 22181)

MARC details
000 -LEADER
fixed length control field 00819nam a22002531 4500
001 - CONTROL NUMBER
control field 22181
003 - CONTROL NUMBER IDENTIFIER
rucl marc code BD-RjUL
005 - DATE AND TIME OF LATEST TRANSACTION
control field 20250720145547.0
008 - FIXED-LENGTH DATA ELEMENTS--GENERAL INFORMATION
fixed length control field 140306r19701825enk 000 0 eng d
035 ## - SYSTEM CONTROL NUMBER
System control number (BD-RjUL)22246
040 ## - CATALOGING SOURCE
Original cataloging agency DLC
Transcribing agency DLC
Modifying agency BD-RjUL
Language of cataloging eng
041 ## - LANGUAGE CODE
Language code of text/sound track or separate title eng
082 04 - DEWEY DECIMAL CLASSIFICATION NUMBER
Classification number 820.9007
Author mark and year HAS 1970
100 1# - MAIN ENTRY--PERSONAL NAME
Personal name Hazlitt, William
Dates associated with a name 1778-1830.
9 (RLIN) 68455
245 14 - TITLE STATEMENT
Title The spirit of the age :
Remainder of title or, Contemporary portraits /
Statement of responsibility, etc. William Hazlitt
260 ## - PUBLICATION, DISTRIBUTION, ETC. (IMPRINT)
Place of publication, distribution, etc. London :
Name of publisher, distributor, etc. Oxford University ,
Date of publication, distribution, etc. 1825, [reprint 1966, 1970].
300 ## - PHYSICAL DESCRIPTION
Pagination 302 p. ;
Size 18 cm.
650 ## - SUBJECT ADDED ENTRY--TOPICAL TERM
Topical term or geographic name as entry element English literature
Chronological subdivision 19th century
Geographic subdivision History and criticism.
9 (RLIN) 68456
651 #0 - SUBJECT ADDED ENTRY--GEOGRAPHIC NAME
Geographic name Great Britain
General subdivision Biography.
9 (RLIN) 68457
Geographic name Great Britain
General subdivision Intellectual life.
9 (RLIN) 68458
942 ## - ADDED ENTRY ELEMENTS (KOHA)
Source of classification or shelving scheme Dewey Decimal Classification
Koha item type Books
Holdings
Lost status Source of classification or shelving scheme Damaged status Not for loan Collection code Permanent Location Current Location Shelving location Date acquired Source of acquisition Cost, normal purchase price Total Checkouts Full call number Date last seen Copy number Koha item type
  Dewey Decimal Classification     Fiction Central Library, University of Rajshahi Central Library, University of Rajshahi   16/09/1968 Zetlinger 8.60   820.9007 HAS 1966 06/03/2014 C-5 Books
  Dewey Decimal Classification   Not For Loan Fiction Central Library, University of Rajshahi Central Library, University of Rajshahi Reading Room 09/01/1975 Janathan & Co. 0.70   820.9007 HAS 1970 20/07/2025 C-1 Books